Lão Tử tinh hoa /

সংরক্ষণ করুন:
গ্রন্থ-পঞ্জীর বিবরন
প্রধান লেখক: Nguyễn Duy Cần
বিন্যাস: Sách giấy
ভাষা:Vietnamese
প্রকাশিত: Sài Gòn : Khai trí , 1974
ট্যাগগুলো: ট্যাগ যুক্ত করুন
কোনো ট্যাগ নেই, প্রথমজন হিসাবে ট্যাগ করুন!
Thư viện lưu trữ: Thư viện Trường Đại học Đà Lạt
LEADER 00573nam a2200253 4500
001 DLU020015177
005 ##7/31/2000
020 # # |a 978- 
041 # # |a vie 
082 # # |a 181.114  |b NG-C 
090 # # |a 181.114  |b NG-C 
100 # # |a Nguyễn Duy Cần 
245 # # |a Lão Tử tinh hoa /  |c Nguyễn Duy Cần 
260 # # |a Sài Gòn :  |b Khai trí ,  |c 1974 
300 # # |a 239 tr.;   |c 21 cm. 
992 # # |a 359 
994 # # |a DLU 
900 # # |a False 
911 # # |a Administrator 
925 # # |a G 
926 # # |a A 
927 # # |a SH 
980 # # |a Thư viện Trường Đại học Đà Lạt